000 00842cam a2200313 i 4500
001 0000516
003 DO-SdBNP
005 20171121115124.0
007 0000516
008 100514s 2003 mx | |||| 000 f spa
015 _a
017 _a
_b
020 _a9681912519
035 _a
040 _aBPMSU
_bspa
_cBPMSU
_e
080 _a
082 4 _aPe863.44
_bV297p
100 1 _aVargas Llosa, Mario,
_d1936-
245 1 3 _aEl paraíso en la otra esquina /
_h
_cMario Vargas Llosa
260 _aMéxico :
_bAlfaguara,
_c2003.
300 _a485 p.:
_c23 cm
500 _aIncluye datos biográficos del autor.
586 _aPremio Nobel de literatura 2010.
650 _aNOVELA PERUANA
650 _aLITERATURA PERUANA
942 _2ddc
_cBK
945 _a Inventariado extranjero / 2017 VM
956 _aYLOCKWARD
_810
_cBPMSU
999 _c10805
_d10805